Statistics for Countries by Largest City

Click here to take the quiz!

General Stats

  • This quiz has been taken 65 times
  • The average score is 11 of 15

Answer Stats

Largest CityCountry% Correct
CopenhagenDenmark
98%
StockholmSweden
98%
New York CityUnited States
98%
HelsinkiFinland
97%
SeoulSouth Korea
95%
ZagrebCroatia
89%
ManilaPhilippines
87%
TallinnEstonia
85%
ThimpuBhutan
63%
MaleMaldives
58%
Saint John'sAntigua and Barbuda
53%
CastriesSaint Lucia
48%
Port VilaVanuatu
45%
MoroniComoros
42%
ChaguanusTrinidad and Tobago
18%

Score Distribution

Percentile by Number Answered

Percent of People with Each Score

Your Score History

You have not taken this quiz